000 00813cam a2200217 a 4500
003 OSt
005 20190214115402.0
008 110920s2009 esp| ||| 1|spa d
020 _a84-25536-0008-05
040 _cBMC
082 _a808.06842
100 1 _932892
_aLovecraft, Howard Phillips‏
_d1890-1937
245 1 3 _aEl alquimista
_b: y otros relatos
_cH. P. Lovecraft; [traducción, José A. Álvaro Garrido]
260 _aMadrid
_bEl País
_c2009
300 _a126 p.
_c19 cm
490 0 _aMaestros del terror
505 0 0 _aContiene: El alquimista ; Dagón ; Más allá del muro del sueño ; Polaris ; El caos reptante ; Hechos tocantes al difunto Arthur Jermyn y su familia ; La tumba ; Celephaïs
650 2 4 _929437
_aCuentos ingleses
700 1 _937527
_aÁlvaro Garrido, José A.
942 _2ddc
_cBK
999 _c23785
_d23785